| 000 | 01012nam2a22002291 4500 | ||
|---|---|---|---|
| 001 | rc\4146033 | ||
| 005 | 20250611004046.0 | ||
| 035 | _a(NLR Aleph) 007990484 | ||
| 090 |
_a8576498 _c8576498 |
||
| 100 | _a20130415d1955 |||y0rusy50 ca | ||
| 101 | 0 | _arus | |
| 102 | _aRU | ||
| 105 | _ay z ||||| | ||
| 200 | 1 | _aСкоростное и силовое резание металлов | |
| 210 |
_aБрянск _cБрян. рабочий _d1955 |
||
| 461 | 0 |
_1001rc\4146026 _12001#$aОпыт передовиков промышленности и транспорта Брянской области$e[Вып. 1-10]$v[Вып. 7] _98576458 _cБрянск _d1955 _nБрян. рабочий _o[Вып. 1-10] _p10 т. в обл.-папке _tОпыт передовиков промышленности и транспорта Брянской области _v[Вып. 7] |
|
| 700 | 1 |
_aМазур _bВ.И. |
|
| 801 | 0 |
_aRU _bNLR _gpsbo |
|
| 801 | 1 |
_aRU _bELAR _2rusmarc |
|
| 852 |
_aNLR _jТ10 Г-2/157 |
||
| 942 | _cBOOK | ||
| 980 | _aNB | ||